日本海に面する市町村人口ランキング - Statistics

General Stats
  • This quiz has been taken 696 times
  • The average score is 43 of 50
Answer Stats
順位 都道府県 自治体名 推計人口 % Correct
1 福岡県 福岡市 1,642,571
100%
2 福岡県 北九州市 916,241
99%
3 新潟県 新潟市 772,388
99%
4 石川県 金沢市 457,717
99%
5 富山県 富山市 406,547
99%
6 秋田県 秋田市 300,096
99%
8 福井県 福井市 256,706
99%
10 島根県 松江市 199,023
98%
11 鳥取県 鳥取市 184,132
98%
9 山口県 下関市 244,470
97%
13 島根県 出雲市 170,927
97%
7 新潟県 長岡市 258,777
96%
14 富山県 高岡市 161,637
96%
15 鳥取県 米子市 145,121
96%
12 新潟県 上越市 181,809
95%
17 佐賀県 唐津市 113,012
93%
19 北海道 小樽市 105,420
93%
16 山形県 鶴岡市 117,037
92%
20 石川県 小松市 104,715
92%
23 山形県 酒田市 95,969
91%
28 京都府 舞鶴市 76,512
90%
18 石川県 白山市 109,486
89%
32 福井県 敦賀市 62,252
89%
30 秋田県 由利本荘市 71,421
87%
36 新潟県 村上市 53,957
87%
46 山口県 萩市 41,893
87%
29 兵庫県 豊岡市 74,268
85%
33 石川県 加賀市 60,425
85%
37 島根県 浜田市 51,790
85%
50 新潟県 糸魚川市 38,326
85%
47 富山県 氷見市 41,282
84%
48 富山県 黒部市 38,585
83%
24 新潟県 新発田市 91,611
82%
27 新潟県 柏崎市 77,303
81%
35 北海道 石狩市 56,331
80%
39 青森県 五所川原市 48,938
80%
45 島根県 益田市 43,052
80%
21 福岡県 糸島市 100,131
78%
41 京都府 京丹後市 48,254
78%
26 福井県 坂井市 86,608
77%
25 富山県 射水市 89,319
76%
43 石川県 七尾市 47,444
75%
44 秋田県 能代市 46,967
74%
49 富山県 魚津市 38,580
74%
38 佐賀県 伊万里市 50,896
73%
22 福岡県 宗像市 97,075
71%
42 新潟県 佐渡市 47,881
67%
31 福岡県 福津市 68,611
55%
40 石川県 能美市 48,276
55%
34 福岡県 古賀市 58,333
53%
No matching quizzes found
Score Distribution
Percent of People with Each Score
Percentile by Number Answered
Your Score History
You have not taken this quiz